[Event "Bundesliga 1976/77 North"]
[Site "Germany North"]
[Date "1977.02.06"]
[Round "5.1"]
[White "Kiffmeyer, Constanz"]
[Black "Teschner, Rudolf"]
[Result "1/2-1/2"]
[WhiteElo "2320"]
[BlackElo "2425"]
[Annotator "Pragua,C"]
[PlyCount "57"]
[EventDate "1976.10.10"]
[EventType "team-tourn"]
[EventRounds "7"]
[EventCountry "GER"]
[SourceTitle "EXT 1999"]
[Source "ChessBase"]
[SourceDate "1998.11.16"]
[SourceVersion "1"]
[SourceVersionDate "1998.11.16"]
[SourceQuality "1"]

1. e4 e5 2. Nf3 Nc6 3. Bc4 Nf6 4. d4 exd4 5. e5 d5 6. Bb5 Ne4 7. Nxd4 Bd7 8.
Bxc6 bxc6 9. O-O Be7 10. f3 Nc5 11. f4 f5 12. b4 Ne4 13. e6 Bc8 14. Nxc6 Qd6
15. Nxe7 Kxe7 16. Bb2 (16. Qe1 $1) 16... Qb6+ 17. Kh1 Bxe6 18. Nc3 Qxb4 19.
Nxe4 Qxb2 20. Ng5 h6 21. Nxe6 Kxe6 22. Re1+ Kf6 23. Qxd5 Rhe8 24. Qc6+ Kf7 25.
Qxc7+ Kg8 26. Qc4+ Kh7 27. Qd3 Re4 28. Qd5 Rf8 29. Qb3 1/2-1/2

[Event "Rohde op 08th"]
[Site "Sautron"]
[Date "2008.10.30"]
[Round "7"]
[White "Vocaturo, Daniele"]
[Black "Lafuente, Pablo"]
[Result "1-0"]
[WhiteElo "2383"]
[BlackElo "2522"]
[Annotator "RR"]
[PlyCount "91"]
[EventDate "2008.10.25"]
[EventType "swiss"]
[EventRounds "9"]
[EventCountry "FRA"]
[SourceTitle "EXT 2009"]
[Source "ChessBase"]
[SourceDate "2008.11.26"]
[SourceVersion "1"]
[SourceVersionDate "2008.11.26"]
[SourceQuality "1"]

1. e4 e5 2. Nf3 Nc6 3. d4 exd4 4. Bc4 Nf6 5. e5 d5 6. Bb5 Ne4 7. Nxd4 Bd7 (7...
Bc5) 8. Bxc6 bxc6 9. O-O Be7 (9... Bc5 {La ligne principale}) 10. f3 Nc5 11. f4
Ne4 12. f5 c5 13. Ne2 Bb5 (13... Bc6 $142) 14. a4 $1 Ba6 15. Nd2 c6 $146 ({RR} 
15... O-O 16. Qe1 Bh4 17. g3 Bg5 18. Nxe4 dxe4 19. Bxg5 Qxg5 20. Rf4 Rfe8 21.
h4 Qh6 22. Nc3 Bb7 23. e6 fxe6 24. f6 gxf6 25. Nxe4 f5 26. Nxc5 Bc6 27. b4 Rad8
28. b5 Ba8 29. Qe3 Qg6 30. Raf1 {Efler,D (2330)-Chura,J (2215)/Pardubice 1992/
EXT 2000/1-0 (40)}) 16. Qe1 Qc7 $6 (16... Nxd2) 17. Nxe4 dxe4 {[%csl Rc5,Rc6]}
18. Bf4 $16 O-O-O 19. Rf2 (19. e6 Bd6) 19... e3 20. Bxe3 (20. Rf3) 20... Rd5 $6
21. Bf4 $16 Bxe2 $6 22. Qxe2 Rhd8 23. h3 $6 (23. e6 Bd6 24. Bxd6 Qxd6 25. exf7
Qd7 26. Qa6+ $36 {[%csl Rc8]}) (23. Raf1) 23... Kb7 24. Re1 Qa5 25. Kh2 f6 26.
exf6 Bxf6 27. Rf3 Rd4 28. Rb3+ Rb4 29. Bd2 $2 (29. Qe6) 29... Qc7+ 30. Kh1 Rxb3
31. cxb3 Rd5 32. a5 Qe5 (32... a6 {[%csl Ra5]}) 33. a6+ Kb6 {[%csl Rb6] le GMI
était en gros zeitnot avec moins d'une mn pour passer le contrôle des 40 coups
et il devait jongler avec l'incrément dans une position difficile.} 34. Qh5
Qxf5 35. Qe8 Bxb2 36. Be3 Be5 37. b4 Kb5 38. bxc5 Bg3 39. Rg1 Bc7 $4 {Il ne
restait que quelques secondes а chaque fois aux noirs pour ne pas tomber mais
le GMI avait bien géré le zeinot jusqu'à cette gaffe qui l'a probablement
privé du gain du tournoi car il était en tête après la 6ème ronde.} 40. Qa8 Qe5
41. Qb7+ Kc4 42. Rc1+ Kd3 43. Bg1 Ke2 44. Qb1 Ba5 45. Qa2+ Bd2 46. Qc4+ 1-0

[Event "Helsinki op"]
[Site "Helsinki"]
[Date "1992.??.??"]
[Round "4"]
[White "Sveshnikov, Evgeny"]
[Black "Ehlvest, Jaan"]
[Result "1/2-1/2"]
[WhiteElo "2525"]
[BlackElo "2635"]
[Annotator "Schussler,H"]
[PlyCount "47"]
[EventDate "1992.09.??"]
[EventType "swiss"]
[EventRounds "9"]
[EventCountry "FIN"]
[SourceTitle "CBM 032"]
[Source "ChessBase"]
[SourceDate "1993.02.01"]
[SourceVersion "1"]
[SourceVersionDate "1993.02.01"]
[SourceQuality "1"]

1. e4 e5 2. Nf3 Nc6 3. Bc4 Nf6 4. d4 exd4 5. e5 Ng4 (5... d5 6. Bb5 Nd7 $6 {
Usual is 6. - Ne4.} 7. O-O Be7 {7. - Bc5? 8.Bg5!} 8. Re1 (8. Bxc6 $5 bxc6 9.
Nxd4 Nb8 {9. - Nxe5!?} 10. f4 $14) 8... O-O 9. Bxc6 bxc6 10. Nxd4 Nb8 11. Qf3
c5 12. Nf5 Bxf5 13. Qxf5 Qd7 14. Qxd7 Nxd7 15. c4 $14 {Rogers,I-Short,N,
Tilburg 1992, CBM 32 game 873.}) 6. Qe2 Qe7 {6. - Bb4+ 7.c3!} 7. Bf4 f6 8. exf6
Nxf6 9. Nbd2 (9. Bxc7 $6 d6 10. Bb5 Qxe2+ 11. Kxe2 $10) 9... Qxe2+ 10. Kxe2 Bc5
{New, but no improvement over 10. - d6 which is slightly better for White.} 11.
Rhe1 d5 12. Kf1+ Kd8 (12... Ne7 13. Bd3 Bb6 14. Nb3 $14 {(Sveshnikov,E)}) 13.
Bd3 Nb4 14. Nb3 Bb6 15. Nbxd4 Nxd3 16. cxd3 Bd7 $2 {16. - c6.} 17. Ng5 $1 Kc8
18. Rac1 Re8 19. Nge6 $2 (19. Nde6 Bxe6 (19... Bc6 20. Nxg7 $16) 20. Nxe6 Re7
21. Nxc7 Rxc7 22. Bxc7 Bxc7 23. Re7 $18 {(Sveshnikov,E)}) 19... c6 20. h3 Nh5
$1 21. Bh2 Bxe6 $10 22. Nxe6 Kd7 23. Nc5+ Bxc5 24. Rxe8 1/2-1/2

[Event "Barcelona"]
[Site "Barcelona"]
[Date "1990.??.??"]
[Round "3"]
[White "Fernandez Garcia, Jose Luis"]
[Black "Smyslov, Vassily V"]
[Result "1/2-1/2"]
[WhiteElo "2500"]
[BlackElo "2570"]
[Annotator "Schussler,H"]
[PlyCount "39"]
[EventDate "1990.09.??"]
[EventType "tourn"]
[EventRounds "9"]
[EventCountry "ESP"]
[EventCategory "10"]
[SourceTitle "CBM 021"]
[Source "ChessBase"]
[SourceDate "1991.04.01"]
[SourceVersion "1"]
[SourceVersionDate "1991.04.01"]
[SourceQuality "1"]

1. e4 e5 2. Nf3 Nc6 3. d4 exd4 4. Bc4 Nf6 5. e5 d5 6. Bb5 Ne4 7. Nxd4 Bd7 8.
Bxc6 bxc6 9. O-O Bc5 10. f3 Ng5 11. f4 Ne6 (11... Ne4 $5 12. Be3 Bb6 13. Nd2
Nxd2 14. Qxd2 c5 15. Nb3 d4 $15 {Sveshnikov-Agzamov, Soviet Union 1984.}) 12.
c3 f5 13. Be3 O-O 14. Nd2 Bb6 15. N2b3 Qe7 16. Qd2 c5 17. Nxe6 Bxe6 18. Qf2 c4
19. Bxb6 axb6 20. Nd4 1/2-1/2

[Event "Ostrava"]
[Site "Ostrava"]
[Date "1993.??.??"]
[Round "?"]
[White "Biolek, Richard"]
[Black "Keitlinghaus, Ludger"]
[Result "1-0"]
[WhiteElo "2415"]
[BlackElo "2485"]
[Annotator "Schussler,H"]
[PlyCount "121"]
[EventDate "1993.09.??"]
[EventType "tourn"]
[EventRounds "9"]
[EventCountry "CZE"]
[EventCategory "10"]
[SourceTitle "CBM 038"]
[Source "ChessBase"]
[SourceDate "1994.02.01"]
[SourceVersion "1"]
[SourceVersionDate "1994.02.01"]
[SourceQuality "1"]

1. e4 e5 2. Nf3 Nc6 3. Bc4 Bc5 4. c3 Nf6 5. d4 exd4 6. O-O $5 (6. cxd4 Bb4+ 7.
Bd2 Bxd2+ 8. Nbxd2 d5 9. exd5 Nxd5 10. Qb3 Na5 11. Qa4+ Nc6 12. Qb3 Nce7 13.
O-O O-O 14. Ne5 c6 15. Rae1 Qb6 $1 16. Qxb6 axb6 17. Ne4 Rd8 $15 {Titmas,J-Lev,
R, EU-cup, Barcelona 1993}) (6. e5 d5 7. Bb5 Ne4 $13) 6... Nxe4 (6... dxc3 $2
7. e5 $16) (6... d5 $6 7. exd5 Nxd5 8. Re1+ Be6 9. Ng5 O-O 10. Qd3 g6 11. Rxe6
fxe6 12. Qh3 Qe7 13. Qxe6+ Qxe6 14. Nxe6 $18 {Estrin-Letic, corr. 1967/69}) (
6... d3 $6 7. b4 $5 Be7 8. e5 Ng4 9. Re1 d6 10. exd6 $14) 7. cxd4 d5 $1 (7...
Be7 $6 8. d5 Nb8 9. Re1 Nd6 (9... Nf6 $2 10. d6 cxd6 11. Bg5 O-O 12. Rxe7 $1
Qxe7 13. Nc3 $18) 10. Bd3 O-O 11. Nc3 $14) 8. dxc5 dxc4 9. Qe2 (9. Qxd8+ Kxd8 (
9... Nxd8 $6 10. Re1 f5 11. Nc3 O-O 12. Nxe4 fxe4 13. Rxe4 Be6 14. Nd4 Bd5 15.
Re5 c6 16. Bd2 b6 17. Nf5 $14 {Popow,G-Snaidr,corr 1972/74}) 10. Rd1+ Bd7 11.
Be3 Kc8 {=/=/+ /\ Be6,b6,Kb7}) 9... Qd3 $1 10. Re1 f5 11. Nc3 O-O 12. Nxe4 fxe4
13. Qxe4 Bf5 14. Qh4 $5 (14. Qf4 Rac8 $10) 14... Rae8 15. Bf4 Qd5 (15... Qd7
$10) 16. Bxc7 Qxc5 17. Qg3 Qd5 18. Bd6 Rxe1+ 19. Rxe1 Rd8 20. Be7 Re8 21. Bf6
Rxe1+ 22. Nxe1 Qd7 23. Bc3 b5 24. a3 a5 25. h3 Be4 $6 (25... b4 $2 26. axb4
axb4 27. Bxb4 Nxb4 28. Qb8+ $16) (25... h6 $10) 26. Qf4 Qe7 27. Qe3 a4 $2 28.
Nf3 $14 Bxf3 29. Qxf3 Qd7 30. Qe4 Ne7 31. Qe5 Nd5 32. Bd4 h6 33. Qe4 Nc7 34.
Be5 Qd1+ 35. Kh2 Qd5 36. Qf5 Qe6 $6 37. Qxe6+ Nxe6 38. Kg3 $16 Nc5 39. Kf3 Kf7
40. Bd4 Nd3 41. Ke4 b4 42. axb4 Nxb4 43. Bc3 $1 Nc2 44. Kd5 $18 a3 45. bxa3
Nxa3 46. Kc5 Nb1 47. Kxc4 Nxc3 (47... g6 48. Bb4 Ke6 49. Kb3 Kd5 50. Kb2 Kc4
51. Ba5 $18) 48. Kxc3 Kf6 49. Kd4 Kf5 50. Ke3 h5 51. g3 Ke5 52. f4+ Kf5 53. Kf3
g6 54. Ke3 Kf6 55. Ke4 Ke6 56. g4 hxg4 57. hxg4 Kd6 58. Kd4 Ke6 59. Kc5 Kd7 60.
Kd5 Ke7 61. Ke5 (61. Ke5 Kf7 62. Kd6 Kf6 63. g5+ Kf5 64. Ke7 Kxf4 65. Kf6 $18)
1-0

[Event "Groningen"]
[Site "Groningen"]
[Date "1990.??.??"]
[Round "?"]
[White "Rogers, Ian"]
[Black "Wahls, Matthias"]
[Result "1-0"]
[WhiteElo "2535"]
[BlackElo "2525"]
[Annotator "Schussler,H"]
[PlyCount "37"]
[EventDate "1990.12.??"]
[EventType "tourn"]
[EventRounds "9"]
[EventCountry "NED"]
[EventCategory "13"]
[SourceTitle "CBM 021"]
[Source "ChessBase"]
[SourceDate "1991.04.01"]
[SourceVersion "1"]
[SourceVersionDate "1991.04.01"]
[SourceQuality "1"]

1. e4 e5 2. Nf3 Nc6 3. d4 exd4 4. Bc4 Nf6 5. e5 d5 6. Bb5 Ne4 7. Nxd4 Bc5 8.
O-O O-O 9. Bxc6 {This is supposed to be bad.} bxc6 10. Nxc6 Qh4 {Better - and
unclear - is 10. - Dd7.} 11. Be3 $1 $16 Bxe3 12. fxe3 Qg5 13. Rf4 Bb7 14. Qxd5
Rad8 15. Qxe4 $18 Rd1+ 16. Kf2 Bxc6 17. Qxc6 Qxe5 18. Qc3 Qb5 19. Na3 1-0

[Event "Leon"]
[Site "Leon"]
[Date "1990.??.??"]
[Round "5"]
[White "Magem Badals, Jordi"]
[Black "Braga, Fernando Alberto"]
[Result "0-1"]
[WhiteElo "2460"]
[BlackElo "2480"]
[Annotator "Schussler,H"]
[PlyCount "42"]
[EventDate "1990.06.??"]
[EventType "tourn"]
[EventRounds "11"]
[EventCountry "ESP"]
[EventCategory "9"]
[SourceTitle "CBM 020"]
[Source "ChessBase"]
[SourceDate "1991.02.01"]
[SourceVersion "1"]
[SourceVersionDate "1991.02.01"]
[SourceQuality "1"]

1. e4 e5 2. Nf3 Nc6 3. Bc4 Nf6 4. d4 exd4 5. e5 d5 6. Bb5 Ne4 7. Nxd4 Bc5 8.
Be3 O-O {This is supposed to be bad for Black, but maybe this game will
rehabilitate the line.} 9. Nxc6 bxc6 10. Bxc5 Nxc5 11. Bxc6 Ba6 12. Nc3 d4 $1 {
This new move is more confusing for White than the old alternatives 12. - Qg5
and 12. - Rb8.} (12... Qg5 13. Qd4 $16) (12... Rb8 13. Qxd5 Qxd5 14. Bxd5 Rxb2
15. O-O-O $18 {Estrin-Gurevich, Moskau 1972.}) 13. Nd5 Ne6 14. Qg4 Rb8 15.
O-O-O Bb5 16. Nb4 Qe7 17. Nd5 Qc5 18. Nf6+ Kh8 19. Qf5 g6 20. Qh3 Ng5 21. Qg3
Bxc6 {White probably didn`want to see 22.Qxg5 Rxb2 23.Kxb2 Rb8+ 24.Kc1 Ba4 25.
Rd2 Qc3 and if 26.Re2 or 26.Kd1, then 26. - d3 will decide the game.} 0-1

[Event "Maastricht Complete Chess m"]
[Site "Maastricht"]
[Date "2008.03.04"]
[Round "2"]
[White "L'Ami, Erwin"]
[Black "Stellwagen, Daniel"]
[Result "1/2-1/2"]
[WhiteElo "2577"]
[BlackElo "2639"]
[Annotator "Van Reek,J"]
[PlyCount "80"]
[EventDate "2008.03.03"]
[EventType "match"]
[EventRounds "4"]
[EventCountry "NED"]
[SourceTitle "CBM 123"]
[Source "ChessBase"]
[SourceDate "2008.04.02"]
[SourceVersion "1"]
[SourceVersionDate "2008.04.02"]
[SourceQuality "1"]

1. e4 e5 2. Nf3 Nc6 3. Bc4 Nf6 4. d4 exd4 5. e5 d5 6. Bb5 Ne4 7. Nxd4 Bc5 {
The Euwe Gambit has led to a quiet version of the Max Lange Attack, Black
slightly diverts from the previous game.} 8. Be3 O-O 9. Nxc6 bxc6 10. Bxc5 Nxc5
11. Bxc6 Rb8 12. Qxd5 Qe7 13. O-O (13. b3 $4 Rd8 14. Qf3 Qxe5+ {costs a rook.})
13... Rxb2 14. Nc3 Ba6 15. Rfd1 (15. Rfc1 Rd8 16. Qf3 Qxe5 {also brings a
material equality. (Ye Jiangchuan - Svidler, Shanghai 2001)}) 15... Rxc2 16.
Qd4 Ne6 17. Nd5 Qa3 18. Qa4 Qc5 19. Ne3 Rc3 20. Qxa6 Qxc6 21. Qxc6 Rxc6 {
The players have exchanged towards the endgame.} 22. Rab1 Ra6 23. Rb2 Ra5 24.
Rd5 Rxd5 25. Nxd5 Rd8 26. Ne3 Kf8 27. g3 Rd3 28. Kf1 Ra3 29. Kg2 h5 30. h4 Ra5
31. f4 Nd4 32. Kf2 Ke7 33. Rd2 c5 34. Nc4 Ra4 35. Nd6 Ke6 36. Ne4 Rc4 37. Nxc5+
Rxc5 38. Rxd4 Rc2+ 39. Kf3 Rxa2 40. Rd6+ Kf5 1/2-1/2